00706cam a22002297a 4500001001000000003000500010005001700015008004100032010000900073011000900082035000900091040000900100100003000109245005100139260008800190300002100278650002600299650002600325650002600351650002500377710007400402000007959CHAP20230629062635.0971013s r 00010 d a7900 a8872 a8104 cCHAP00aTéliz Ortiz, Danieleed 0aEnfermedades del maíz, frijol, trigo y papa. aMontecillo, Méx. :bColegio de Postgraduados. Centro de Fitopatología,c(199?). a84 p. :b: ilus.14aFrijolxEnfermedades.14aMaízxEnfermedades.17aPapasxEnfermedades214aTrigoxEnfermedades.0 aColegio de Postgraduados. Chapingo, Méx. Centro de Fitopatología.